000 01108cam a22002894a 4500
001 14671555
005 20250201195549.0
008 061215s2007 iau 001 0 eng
020 _a9780073520711 (hbk. : alk. paper)
020 _a0073520713 (hbk. : alk. paper)
050 0 0 _aRC86.7
_b.P362 2007
082 0 0 _a616.02/5
_222
245 0 4 _aThe paramedic /
_cWill Chapleau ... [et al.].
250 _a1st ed.
260 _aDubuque, IA :
_bMcGraw-Hill Higher Education,
_c2009.
300 _a1426 p. :
_bcol. ill. ;
_c29 cm.
500 _aIncludes index.
650 0 _aMedical emergencies.
650 0 _aEmergency medical technicians.
650 1 2 _aEmergency Medical Technicians.
650 2 2 _aEmergency Medical Services.
700 1 _aChapleau, Will.
856 4 2 _3Contributor biographical information
_uhttp://www.loc.gov/catdir/enhancements/fy0806/2006053069-b.html
856 4 2 _3Publisher description
_uhttp://www.loc.gov/catdir/enhancements/fy0806/2006053069-d.html
856 4 1 _3Table of contents only
_uhttp://www.loc.gov/catdir/enhancements/fy0806/2006053069-t.html
942 _2lcc
_cBK
_n0
999 _c3367
_d3367